| 000 | 00920nam a22002771i 4500 | ||
|---|---|---|---|
| 001 | 017484664 | ||
| 003 | EG-ScBUE | ||
| 005 | 20220303095834.0 | ||
| 008 | 150619s2015 nyu f 000 0 eng d | ||
| 020 | _a9780062220332 (pbk.) | ||
| 040 |
_aStDuBDS _beng _erda _cStDuBDS _dUk _dEG-ScBUE |
||
| 082 | 0 | 4 |
_a158.1 _222 _bHAR |
| 100 | 1 |
_aHarvey, Steve, _d1956- _eauthor. |
|
| 245 | 1 | 0 |
_aAct like a success, think like a success : _bdiscovering your gift and the way to life's riches / _cSteve Harvey, Jeffrey Johnson. |
| 264 | 1 |
_aNew York : _bAmistad, _c2015. |
|
| 300 |
_ax, 226 pages ; _c21 cm |
||
| 336 |
_atext _2rdacontent _btxt |
||
| 337 |
_aunmediated _2rdamedia _bn |
||
| 338 |
_avolume _2rdacarrier _bnc |
||
| 650 | 7 |
_aSelf-actualization (Psychology) _2BUEsh |
|
| 650 | 7 |
_aSelf-realization. _2BUEsh |
|
| 653 |
_bHHUUPPSS _cMarch2022 |
||
| 655 |
_vReading book _934232 |
||
| 942 |
_2ddc _cBB |
||
| 999 |
_c29835 _d29806 |
||